000 003520000a22001570004500
005 20120302054420.0
942 _cBOOK
100 _a Soman,Moreshwar Govind
245 _a Khedyatil Swabhav Chitre
260 _aPune:Rangpanchami,1935.
300 _a171p.
040 _aMAR
650 _aSankirna
650 _aKhede
650 _aKhedyatil Maanase
999 _c345566
_d345563